First panel yield of eight Hevea clones in sub-tropical Meghalaya (Record no. 47265)

MARC details
000 -LEADER
fixed length control field 00436nam a2200157Ia 4500
100 ## - MAIN ENTRY--AUTHOR NAME
Personal name Reju M J
245 #0 - TITLE STATEMENT
Title First panel yield of eight Hevea clones in sub-tropical Meghalaya
260 ## - PUBLICATION, DISTRIBUTION, ETC. (IMPRINT)
Name of publisher Indian Journal of Natural Rubber Research
Year of publication 2002
300 ## - PHYSICAL DESCRIPTION
Number of Pages 190-193
700 ## - ADDED ENTRY--PERSONAL NAME
Personal name Deka H K
700 ## - ADDED ENTRY--PERSONAL NAME
Personal name Gopalakrishnan J
700 ## - ADDED ENTRY--PERSONAL NAME
Personal name Soman T A
700 ## - ADDED ENTRY--PERSONAL NAME
Personal name Thapliyal A P
942 ## - ADDED ENTRY ELEMENTS (KOHA)
Koha item type Articles
Holdings
Withdrawn status Lost status Damaged status Not for loan Home library Current library Shelving location Date acquired Serial Enumeration / chronology Koha item type
      Articles RRII Library RRII Library Botany 20/12/2021 Volume 15, Issue 2 Articles